| 000 | 01003nam a22002897a 4500 | ||
|---|---|---|---|
| 005 | 20240530110404.0 | ||
| 008 | 150128s2010 ua g 000 0 ara d | ||
| 017 |
_a2009/3841 _bمصر . دار الكتب المصرية |
||
| 020 | _a9774380568 | ||
| 040 | _aEG-CaGPL | ||
| 041 | 0 | _aara | |
| 082 | 0 | 4 |
_221 _a306.42\ _bم ع |
| 100 | 0 | _aمحيى محمد مسعد | |
| 245 | 1 | 0 |
_aعصر العولمة بين الاوهام و الحقيقة / _cمحيى محمد مسعد |
| 260 |
_aالاسكندرية : _bالمكتب الجامعى الحديث ، _c2010 |
||
| 300 |
_a232 ص ؛ _c24 سم |
||
| 650 | 0 | 4 | _aالعولمة |
| 650 | 0 | 4 | _aالعولمة الكونية |
| 650 | 0 | 4 | _aثورة المعلومات |
| 650 | 0 | 4 | _aحوكمة الشركات |
| 650 | 0 | 4 | _aالمعلومات |
| 650 | 0 | 4 |
_aالاقتصاد _xالعولمة |
| 650 | 0 | 4 | _aالحوكمة |
| 651 | 0 | 4 |
_aمصر _xالاصلاح الاقتصادى |
| 942 |
_2ddc _cBK |
||
| 999 |
_c60312 _d60312 |
||